000
00313nam a22001337a 4500
008
180118b xxu||||| |||| 00| 0 eng d
020
_a
0262100363
041
_a
eng
080
_a
004
100
_a
30
101
_a
SHKI
245
_a
The Characteristics of Parallel Algorithms
_c
Jamieson, L.H
942
_2
udc
_c
BK
999
_c
40459
_d
40459